MARC

LEADER 00000nam0a2200000 4500
001 331592
005 20231102004354.0
035 |a (RuTPU)RU\TPU\book\357433 
090 |a 331592 
100 |a 20170427d1980 km y0rusy50 ca 
101 0 |a rus 
102 |a RU 
105 |a y z 001zy 
200 1 |a Великий Октябрь и социалистические преобразования в Сибири  |f Академия наук СССР, Сибирское отделение, Институт истории, филологии и философии ; под ред. В. В. Алексеева 
210 |a Новосибирск  |c Наука  |d 1980 
215 |a 252 с. 
320 |a Библиогр. в тексте 
606 1 |a Социально-экономические отношения в Сибири  |x История  |2 stltpush  |3 (RuTPU)RU\TPU\subj\67173  |9 83056 
606 1 |a Сибирь  |x Экономика  |2 stltpush  |3 (RuTPU)RU\TPU\subj\36913  |9 58115 
610 1 |a история 
610 1 |a социалистические преобразования 
610 1 |a Октябрьская революция 1917 
610 1 |a гражданские войны 
610 1 |a развитой социализм 
610 1 |a революционные преобразования 
610 1 |a партийные организации 
610 1 |a промышленность 
610 1 |a интеллигенция 
610 1 |a крестьянство 
686 |a Т3(253)-2  |v LBC/SL-A  |2 rubbk 
686 |a У9(2Р5)  |v LBC/SL-A  |2 rubbk 
702 1 |a Алексеев  |b В. В.  |g Вениамин Васильевич  |4 340 
712 0 2 |a Академия наук СССР  |b Сибирское отделение  |b Институт истории, филологии и философии  |c (Новосибирск)  |2 stltpush  |3 (RuTPU)RU\TPU\col\11501  |9 25136 
801 1 |a RU  |b 63413507  |c 20170427 
801 2 |a RU  |b 63413507  |c 20201028  |g RCR 
942 |c BK